Imagine Dragons Discography - Statistics

General Stats
  • This quiz has been taken 91 times
  • The average score is 41 of 65
Answer Stats
Hint Answer % Correct
Night Visions Radioactive
92%
Night Visions Demons
91%
Night Visions On Top Of The World
88%
Origins Natural
86%
Evolve Thunder
85%
Evolve Believer
83%
Night Visions It's Time
83%
Smoke + Mirrors Smoke and Mirrors
79%
Origins Bad Liar
77%
Smoke + Mirrors Gold
76%
Night Visions Tiptoe
76%
Origins Birds
74%
Smoke + Mirrors Shots
73%
Night Visions Amsterdam
71%
Smoke + Mirrors I Bet My Life
71%
Smoke + Mirrors Monster
70%
Evolve Whatever It Takes
70%
Night Visions Bleeding Out
68%
Smoke + Mirrors I'm So Sorry
68%
Origins Love
68%
Night Visions America
67%
Night Visions Nothing Left To Say / Rocks
67%
Smoke + Mirrors Warriors
67%
Night Visions Hear Me
65%
Evolve Next To Me
65%
Origins Zero
65%
Night Visions Underdog
64%
Smoke + Mirrors Hopeless Opus
62%
Smoke + Mirrors Polaroid
62%
Night Visions Round And Round
62%
Night Visions Selene
62%
Evolve Walking The Wire
62%
Night Visions Every Night
61%
Origins Machine
61%
Smoke + Mirrors The Fall
61%
Night Visions The River
59%
Smoke + Mirrors Friction
58%
Evolve I Don't Know Why
58%
Origins Only
58%
Smoke + Mirrors Dream
56%
Smoke + Mirrors Who We Are
56%
Origins Boomerang
55%
Origins Bullet In A Gun
55%
Night Visions Cha-Ching (Till We Grow Older)
55%
Evolve Dancing In The Dark
55%
Origins Digital
55%
Evolve I'll Make It Up To You
55%
Evolve Rise Up
55%
Evolve Mouth Of The River
53%
Smoke + Mirrors Summer
53%
Smoke + Mirrors Thief
53%
Origins West Coast
53%
Smoke + Mirrors Battle Cry
52%
Origins Cool Out
52%
Origins Stuck
52%
Smoke + Mirrors Trouble
52%
Evolve Yesterday
52%
Origins Burn Out
50%
Smoke + Mirrors It Comes Back To You
50%
Night Visions My Fault
50%
Origins Real Life
50%
Evolve Start Over
44%
Smoke + Mirrors The Unknown
44%
Smoke + Mirrors Second Chances
42%
Smoke + Mirrors Release
41%
No matching quizzes found
Score Distribution
Percent of People with Each Score
Percentile by Number Answered
Your Score History
You have not taken this quiz